LEADER 00941nam0-22003251i-450- 001 990007403100403321 005 20040520125123.0 010 $a88-464-2159-0 035 $a000740310 035 $aFED01000740310 035 $a(Aleph)000740310FED01 035 $a000740310 100 $a20030331d2000----km-y0itay50------ba 101 $aita 102 $aIT 105 $ay-------001yy 200 1 $aIdentità e conflitti$eetnie nazioni federazioni$fa cura di Furio Cerutti e Dimitri D'Andrea 210 $aMilano$cFrancoAngeli$d© 2000 215 $a224 p.$d22 cm 225 1 $aDemocrazia e diritto$v3 676 $a320.54$v11$zita 702 1$aCerutti,$bFurio$f<1938- > 702 1$aD'Andrea,$bDimitri 801 0$aIT$bUNINA$gRICA$2UNIMARC 901 $aBK 912 $a990007403100403321 951 $aXI DU AA.VV.6$eDip.to Filosofia dei Diritti$fdfd 959 $aDFD 996 $aIdentità e conflitti$9691357 997 $aUNINA LEADER 02219nas 2200697-a 450 001 996290139703316 005 20230804213019.0 011 $a1559-1476 035 $a(DE-599)ZDB2060706-4 035 $a(OCoLC)61311892 035 $a(CKB)954925473405 035 $a(CONSER)--2005215926 035 $a(EXLCZ)99954925473405 100 $a20050822a19779999 s-- a 101 0 $aeng 135 $aurun||||||||| 181 $ctxt$2rdacontent 182 $cc$2rdamedia 183 $acr$2rdacarrier 200 10$aJournal of visual impairment & blindness 210 1$a[New York] :$c[American Foundation for the Blind, Information Dept., Publications Division],$d1977- 210 31$aThousand Oaks, California :$cSAGE Publications 300 $aRefereed/Peer-reviewed 311 1 $a0145-482X 517 1 $aJVIB 517 3 $aJournal of visual impairment and blindness 517 1 $aVisual impairment & blindness 531 $aJOURNAL OF VISUAL IMPAIRMENT AND BLINDNESS 531 $aJ VIS IMPAIR BLIND 531 $aJ VISUAL IMPAIR BLIN 531 $aJVIB 531 $aJ. VIS. IMPAIR. BLIND 531 0 $aJ. vis. impair. blind. 606 $aBlind$vPeriodicals 606 $aPeople with visual disabilities$vPeriodicals 606 $aBlindness$vPeriodicals 606 $aVision disorders$vPeriodicals 606 $aBlindness 606 $aVision Disorders 606 $aBlind$2fast$3(OCoLC)fst00834291 606 $aBlindness$2fast$3(OCoLC)fst00834438 606 $aPeople with visual disabilities$2fast$3(OCoLC)fst01057466 606 $aVision disorders$2fast$3(OCoLC)fst01167881 608 $aPeriodicals. 608 $aPeriodicals.$2fast 615 0$aBlind 615 0$aPeople with visual disabilities 615 0$aBlindness 615 0$aVision disorders 615 2$aBlindness. 615 2$aVision Disorders. 615 7$aBlind. 615 7$aBlindness. 615 7$aPeople with visual disabilities. 615 7$aVision disorders. 676 $a362.4/1/05 712 02$aAmerican Foundation for the Blind. 906 $aJOURNAL 912 $a996290139703316 996 $aJournal of visual impairment & blindness$92271058 997 $aUNISA